Quizzes
Events
Quiz Creation
Community
Videos
Private Events
Remove Ads
Sign In
Join for FREE
Feedback
Dark Mode
Quiz Categories
Sports
Geography
Music
Movies
Television
Just For Fun
Miscellaneous
History
Literature
Language
Science
Gaming
Entertainment
Religion
Holiday
For Kids
Quiz Lab
Recent
Popular Today
Quiz Kudos Today
Editor Picks
Curator Picks
Quizzes by...
Day
Popularity
Type
Ratings
Length
Year
Community
Subscriptions
Recent Discussions
Orange Saloon
Badges
Playlists
Quests
Create
Leaderboards
Showdown
Live 5
Trivia Bingo
Activity
Puzzle Library
Sporcle Events
Private Events
Virtual Trivia
Globe League
Become a Host
Pub Owners
SporcleCon
Opinionation
Our Games
Videos
Blog
Mobile Apps
Partnerships
Remove Ads and Go Orange
Feedback
Entertainment
Celebrity
Famous
Musical
Broadway
Show
Quote
Comic Books
Anime
Superhero
DC Comics
Marvel
Cartoons
Animation
Entertainment
Celebrity
Famous
Musical
Broadway
Show
Quote
Comic Books
Anime
Superhero
DC Comics
Marvel
Cartoons
Animation
Random Quiz
Search Sporcle
×
Quiz Lab
Quiz Lab
Entertainment
James Bond
Type in answers that appear in a list
Type in answers that appear in a list
Classic
Best Score? Go Orange.
James Bond Chases Stats
Can you name the James Bond Chases?
By
ngw108
10m
24 Questions
76 Plays
76 Plays
76 Plays
Comments
Comments
Give Quiz Kudos
Give Quiz Kudos
-
- Ratings
hide this ad
Replay
Link that replays current quiz
Next Quiz
Link to next quiz in quiz playlist
You Got
0%
They Got
Avg Score
92%
Avg Friend Score
Upgrade to see
Score Distribution
Jump to the score distribution portion of the page
Score
0/24
Timer
10:00
0
Plays Today
Hint
Answer
% Correct
Car chase through main villains lair including oil slick & ejector seat.
Goldfinger
97.4%
Car chase on ice and evolves into a cello ride down a hill.
Living Daylights
96.1%
Motorcycle chase through instanbul soon turning into a fight on a train.
Skyfall
96.1%
Car chase soon turns to underwater submarine chase.
The Spy Who Loved Me
94.7%
Car chase leading to the pursuers crashing down a mountain. They were on there way to a funeral.
Dr. No
94.7%
Car chasing up to a circus train.
Octopussy
94.7%
Car chase on thin ice with the baddies car also having gadgets.
Die Another Day
94.7%
Bond chases a boat through England and even takes the boat on land.
The World is not Enough
93.4%
On foot chase on a construction. Provides the Bond films with new fans of parkour.
Casino Royale
93.4%
Tank chase through the Motherland.
GoldenEye
93.4%
Arial Chase using my Q branchs Little Nellie.
You Only Live Twice
93.4%
Bond gets chased by villain Helicopter.
From Russia With Love
93.4%
Hint
Answer
% Correct
Bond is chased on skis down a mountain by Blofeld and his henchmen.
On Her Majesty's Secret Service
93.4%
Boat chase includes jumping over land, crashing a wedding & Sheriff J.W. Pepper.
Live and Let Die
93.4%
Chase through Las Vegas.
Diamonds are Forever
92.1%
Car chase through Rome. Bond later uses ejection to get out of soon to crash car.
Spectre
92.1%
Remote controlled car chase.
Tomorrow Never Dies
92.1%
Boat chase through the Venice Canals, Bond than turns Gondola into hovercraft.
Moonraker
90.8%
Car Chase cut short by femme fatale of the film killing enemy pursuer.
Thunderball
90.8%
Chase which leads to a 360 flip across a broken bridge. Slide whistle and all.
The Man with the Golden Gun
90.8%
Firetruck chase ending with Bond and lover jumping a opening bridge.
A View to a Kill
90.8%
Tanker Chase includes trucks driving on its right side and doing a wheelie.
Licence to Kill
89.5%
Chase in an oddly shaped car provide by films Bond Girl.
For Your Eyes Only
86.8%
Car chase leading to several enemy cars crashing. Allowing Bond to escort Live Cargo.
Quantum Of Solace
84.2%
Quiz Playlist
Details
Report
Send in Message
Add To Playlist
Classic:
Type in answers that appear in a list
Last Updated: Feb 16, 2017
Quiz Scoreboard
CHALLENGE
Sign Up to Join the Scoreboard
Show All
Scores
Hide
Comments
May contain spoilers
Recently Published
Presidents Visiting Landmarks
by Hejman
History
7m
An Introduction to Baseball
by treessimontrees
Sports
5m
Movies - When Are They Set?
by FPL_Elf
Movies
5m
More to Explore
Quiz From the Vault
Featured Blog Post
Where Did the Easter Bunny Come From?
hide this ad
You Might Also Like...
Tags
James Bond Quiz
bond
chase
same
Today's Top Quizzes in Entertainment
Browse Entertainment
hide this ad
Today's Top Quizzes in James Bond
Browse James Bond
Top Contributed Quizzes in Entertainment
1
7-to-1: DC Comics Villains
2
Kamen Rider Motifs
3
Dragon Ball Z: Goku's Fights in Order
4
Marvel Characters Bunker
5
Eurovision 2023 Logic Puzzle
6
Dragon Ball Z: Mega Character Search
7
Criteria Quickie: Cartoon Taxonomy II
8
Fictional Villains Letter U Blitz
9
Sorting Pictures: Villains
10
Who Wants to Be a Millionaire: Anime Edition
Explore More
Trending Topics
Disney
Kpop
Anime
Marvel
NBA
Harry Potter
Crossword
The Office
Puzzle
Country
Soccer
WWE
Song
Pokémon
NFL
hide this ad
More By:
ngw108
Quiz
Plays
Rating
Category
Featured
Created
Cartoons Tied up
323
2.17
Entertainment
Jul 3, 2016
James Bond Send off lines
195
3.00
Entertainment
Aug 5, 2016
James Bond Chases
76
Entertainment
Jul 3, 2016
Rejected Bond Theme Artists
42
3.00
Entertainment
Jul 6, 2016
Go to Creator's Profile
Score Distribution
Quiz Creator Spotlight
ngw108
Follow
Send a Message
Quizzes Created
-
Created Quiz Play Count
-
More By This Creator
Popular Quizzes Today
1
Find the Countries of Europe - No Outlines Minefield
2
Find the US States - No Outlines Minefield
3
The Countries of the World
4
Popular People in 1961
5
Find the US States
6
US States
7
Risky Map Clicking: Biggest States A-Z
8
1-10 Letter E Words III
More Entertainment Quizzes
Book, Movie, Song: 'B' Words
Published
Trending Quizzes
Risky Map Clicking: Least Populous States A-Z
1-10 Letter F Words
1-10 Letter G Words
One Thing in Common: United Kingdom
Risky Map Clicking: Next State Alphabetically
Recently Updated
Leaping Animals
pecheneg
Reality TV Shows (A-Z)
bhenderson79
Rickey Henderson's Hall of Fame Teammates
pecheneg
Champions League XIs: Arsenal
pecheneg
Quick Pick: Celebrities in WWE's Hall of Fame
aduchscher
A-Z Keypad Blitz II
pecheneg
Multiple Oscar Actors
pecheneg
Mystery Phrase Blitz: Oscar 'Best Actors'
pecheneg
F. Scott Fitzgerald Novels
LTH
Pick 3 Villains
ddd62291
Trending Topics
Anime
Disney
NBA
Crossword
Marvel
Harry Potter
Kpop
Pokémon
NFL
Puzzle
The Office
Song
Country
Soccer
WWE
Your Account Isn't Verified!
In order to create a playlist on Sporcle, you need to verify the email address you used during registration. Go to your
Sporcle Settings
to finish the process.
Report this User
Report this user for behavior that violates our
Community Guidelines
.
Details:
Send Report
Go to the Sporcle.com Mobile Site →
Comments